| 000 | 00385nam a2200157Ia 4500 | ||
|---|---|---|---|
| 008 | 230917s9999||||xx |||||||||||||| ||und|| | ||
| 040 |
_e181061 _aMAIN |
||
| 041 | _aEnglish | ||
| 082 | _a005.133 O5S(3) | ||
| 100 | _aOppel, Andy | ||
| 245 | 0 | _aSQL: A beginner's guide | |
| 250 | _a3rd ed. | ||
| 260 |
_aNew Delhi _bTata McGraw-Hill _c2009 |
||
| 300 | _axviii, 534 p. | ||
| 942 | _cBK | ||
| 999 |
_c151636 _d151636 |
||